| 000 | 00535nam a2200181 i 4500 | ||
|---|---|---|---|
| 001 | 75140 | ||
| 003 | ES-MaACL | ||
| 005 | 20230906172340.0 | ||
| 007 | t| | ||
| 008 | 040922s1971 sp ||||1| spa d | ||
| 100 | 1 |
_aGoodman, Paul. _959109 |
|
| 245 | 1 | 3 |
_aLa estructura de la obra literaria / _cpor Paul Goodman ; traducción por Marcial Suárez. |
| 250 | _a1ª ed. | ||
| 260 |
_a[Madrid] : _bSiglo Veintiuno, _c[1971] |
||
| 300 |
_a249 p. ; _c21 cm. |
||
| 700 | 0 |
_aSuárez, Marcial. _9108573 |
|
| 852 |
_aES-MaACL _jC-39132 _bR.79369 |
||
| 999 |
_c75140 _d75140 |
||